भाषा और सूचना प्रधोगिकी / (Record no. 118390)

MARC details
000 -LEADER
fixed length control field 01073nam a22002537a 4500
005 - DATE AND TIME OF LATEST TRANSACTION
control field 20170124103111.0
010 ## - LIBRARY OF CONGRESS CONTROL NUMBER
LC control number B-032776
020 ## - INTERNATIONAL STANDARD BOOK NUMBER
Terms of availability 175.00
International Standard Book Number 8176670561
035 ## - SYSTEM CONTROL NUMBER
System control number B-032776
037 ## - SOURCE OF ACQUISITION
Source of stock number/acquisition Cen Lib/Ret
040 ## - CATALOGING SOURCE
Original cataloging agency DPL
Language of cataloging HN
082 ## - DEWEY DECIMAL CLASSIFICATION NUMBER
Classification number 401
Item number वधान
100 ## - MAIN ENTRY--PERSONAL NAME
Personal name वधान, अमरसिंह
9 (RLIN) 109119
245 ## - TITLE STATEMENT
Title भाषा और सूचना प्रधोगिकी /
Statement of responsibility, etc अमरसिंह वधान
246 ## - VARYING FORM OF TITLE
Title proper/short title Bhasha or soochana pradhogiki /
Remainder of title by Amarsingh Vadhan
260 ## - PUBLICATION, DISTRIBUTION, ETC. (IMPRINT)
Place of publication, distribution, etc दिल्ली
Name of publisher, distributor, etc भावना प्रकाशन
Date of publication, distribution, etc 2000
270 ## - ADDRESS
City दिल्ली
Address 126, पतपड़गंज
Postal code 110091
300 ## - PHYSICAL DESCRIPTION
Extent 160पृ.
Dimensions 20सेमी(सजिल्द )
650 ## - SUBJECT ADDED ENTRY--TOPICAL TERM
Topical term or geographic name as entry element हिन्दी --भाषा
General subdivision
Geographic subdivision
9 (RLIN) 109120
650 ## - SUBJECT ADDED ENTRY--TOPICAL TERM
Topical term or geographic name as entry element हिन्दी --भाषा--सूचना प्रोधोगिकी
9 (RLIN) 79897
650 ## - SUBJECT ADDED ENTRY--TOPICAL TERM
Topical term or geographic name as entry element Hindi--language
9 (RLIN) 9446
650 ## - SUBJECT ADDED ENTRY--TOPICAL TERM
Topical term or geographic name as entry element Hindi--language--information technology
9 (RLIN) 79898
942 ## - ADDED ENTRY ELEMENTS (KOHA)
Source of classification or shelving scheme Dewey Decimal Classification
Koha item type Hindi Books
Classification part 401
Call number suffix वधान
Holdings
Withdrawn status Lost status Damaged status Not for loan Home library Current library Date acquired Source of acquisition Cost, normal purchase price Total Checkouts Full call number Barcode Date last seen Copy number Cost, replacement price Price effective from Koha item type
        Central Library Central Library 11/09/2015 Cen Lib/Ref 175.00   401 वधान B-032776 11/09/2015 1 175.00 11/09/2015 Hindi Books

© Delhi Public Library
Hit Counter
free hit counter